1758 1259 1124 1165 1130 1035 1546 1859 1742 1988 1538 1247 1543 1779 1288 1097 1157 1422 1565 1802 1604 1977 1058 1051 1334 1340 1042 1415 1646 1102 1800 1981 1557 1240 1989 1817 1878 1742 1628 1737 1832 1833 1664 1459 1442 1243 1762 1199 1625 1439 1480 1206 1048 1294 1741 1638 1106 1446 1719 1079 1467 1402 1545 1547 1041 1784 1242 1880 1938 1967 1204 1251 1075 1080 1603 1955 1482 1298 1958 1197 1831 1521 1971 1363 1574 1587 1935 1088 1535 1804 1329 1207 1114 1838 1349 1071 1015 1252 1993 BCNSPRNW ULIB Ver.6.0+V

เปลี่ยนเป็นภาษาไทย

Change to English
 แสดงรายละเอียดบรรณานุกรม
  กลับหน้าหลัก

Brief Record : Get Marc (ISO 2709) : E-mail record : QR code < ปิดหน้าต่าง
LEADER : 00000nam 2200000uu 4500
001    13399125118
003     ULIB
008    160831s2555||||th 000 0 tha d
020    ^a9786162078132
060    ^aBQ4435^bจ713ภ
100    ^aเจน ญาณทิพย์
245    ^aภารกิจ Delete กรรม
250    ^aพิมพ์ครั้งที่ 7
260    ^aกรุงเทพฯ :^bอมรินทร์ธรรมะ อมรินทร์พริ้นติ้งแอนด์พับลิชชิ่ง,^c2555
300    ^a119 หน้า
650    ^aธรรมะ (พุทธศาสนา)
650    ^aพุทธศาสนา^xหลักคำสอน
650    ^aกฎแห่งกรรม
650    ^aการดำเนินชีวิต
650    ^aเจนจิรา
650    ^aกรรม^xแง่ศาสนา
650    ^aความดี
945    ^p119^l0^i001356
999    ^aวรรณษา ชูชัยมงคล
รายการนี้ยังไม่มีแท็ก
คุณยังไม่ได้ล็อกอิน คุณสามารถมีกิจกรรมร่วมกับเว็บไซต์ได้ แต่ต้องล็อกอินก่อน ::
  ล็อกอิน

รายการสื่อสารสนเทศ

ลำดับที่ ประเภท เลขเรียก/บาร์โค้ด สถานที่ สถานะ
1. นวนิยาย
นวนิยาย
BQ4435 จ713ภ ฉ.1 
  Barcode: 001356
ห้องสมุดวิทยาเขตสวรรค์ประชารักษ์
►หนังสือทั่วไป
บนชั้น

รายการใกล้เคียง
    ผู้แต่ง [เจน ญาณทิพย์]

    หัวเรื่อง [ธรรมะ (พุทธศาสนา)]
    หัวเรื่อง [การดำเนินชีวิต]
    หัวเรื่อง [ความดี]

BibComment


ยังไม่เคยถูกคอมเมนท์

คอมเมนท์ทรัพยากรรายการนี้
  คอมเมนท์: ภารกิจ Delete กรรม


 Copyright 2026. Bcnsprnw @Library